000 00708nam a2200301Ia 4500
005 20250425161428.0
008 250425s9999 xx 000 0 und d
020 _a471937444
041 _aeng
043 _axxu
082 _a551.46
100 _aWEYL, PETER K.
245 0 _aOCEANOGRAPHY: AN INTRODUCTION TO THE MARINE ENVIRONMENT
250 _aS.E.
260 _aEstados Unidos
_bJOHN WILEY & SONS
_c1970
260 _aNEW YORK
300 _a535
650 _aMAR
650 _aMAR
650 _aMEDIO AMBIENTE MARINO
650 _aMEDIO AMBIENTE MARINO
650 _aOCEANOGRAFIA
650 _aOCEANOGRAFIA
650 _aSAL
650 _aSAL
942 _c01
010 _a20080
999 _c209048
_d209048